[Event "Sousse BICA op 1st"]
[Site "Sousse"]
[Date "2021.12.30"]
[Round "9"]
[White "Chorfen, Youssef"]
[Black "Tamzali, Mahjoub"]
[Result "1/2-1/2"]
[WhiteElo "1851"]
[BlackElo "1653"]
[PlyCount "40"]
[EventDate "2021.12.24"]
[EventType "swiss"]
[EventRounds "9"]
[EventCountry "TUN"]
[SourceTitle "CBM 205 Extra"]
[Source "ChessBase"]
[SourceDate "2022.01.31"]
[SourceVersion "1"]
[SourceVersionDate "2022.01.31"]
[SourceQuality "1"]

1. e4 c5 2. Nf3 d6 3. d4 cxd4 4. Nxd4 Nf6 5. Nc3 a6 6. Be3 Ng4 7. Bc1 Nf6 8. Be3 Ng4 9. Bc1 Nf6 10. Be3 Ng4 11. Bc1 Nf6 12. Be3 g6 13. f3 Bg7 14. Qd2 0-0 15. Bc4 Bd7 16. 0-0-0 Nc6 17. h4 b6 18. Bb3 h5 19. Kb1 Rc8 20. Nxc6 Bxc6 1/2-1/2

[Event "TUN-chT"]
[Site "Hammamet"]
[Date "2019.03.16"]
[Round "9.1"]
[White "Amdouni, Zoubaier"]
[Black "Chorfen, Youssef"]
[Result "1-0"]
[WhiteElo "2275"]
[BlackElo "1742"]
[PlyCount "49"]
[EventDate "2019.02.09"]
[EventType "team-tourn"]
[EventRounds "11"]
[EventCountry "TUN"]
[SourceTitle "CBM 190 Extra"]
[Source "ChessBase"]
[SourceDate "2019.07.15"]
[SourceVersion "1"]
[SourceVersionDate "2019.07.15"]
[SourceQuality "1"]
[WhiteTeam "Bouhjar"]
[BlackTeam "Temime Cavalier"]
[WhiteTeamCountry "TUN"]
[BlackTeamCountry "TUN"]

1. e4 c5 2. Nf3 a6 3. Nc3 e6 4. d4 cxd4 5. Nxd4 Qc7 6. Be2 Nf6 7. 0-0 Be7 8. f4 d6 9. a4 b6 10. Bf3 Bb7 11. f5 e5 12. Nb3 Nbd7 13. Bg5 Rd8 14. Qe2 0-0 15. Rfd1 Nc5 16. Nd2 Nfxe4 17. Ncxe4 Nxe4 18. Bxe7 Nxd2 19. Bxb7 Qxe7 20. Bd5 Qg5 21. Rxd2 Qxf5 22. Qxa6 Rc8 23. Rf1 Qg4 24. Qxb6 Qxa4 25. Qxd6 1-0